A new view of comparative economics
A comprehensive reevaluation of the nature of economic systems across the globe, A New View of Comparative Economic Systems is today's choice for today's world. This exciting text is not merely a re-treading of an obsolete Soviet-oriented text, but a fresh, new, and comprehensive reapprais...
Đã lưu trong:
| Príomhúdar: | |
|---|---|
| Formáid: | Leabhar |
| Teanga: | Undetermined |
| Foilsithe: |
Australia
Thomson Learrning
2004
|
| Ábhair: | |
| Clibeanna: |
Cuir Clib Leis
Gan Chlibeanna, Bí ar an gcéad duine leis an taifead seo a chlibeáil!
|
| Thư viện lưu trữ: | Trung tâm Học liệu Trường Đại học Cần Thơ |
|---|
| LEADER | 00998nam a2200205Ia 4500 | ||
|---|---|---|---|
| 001 | CTU_116817 | ||
| 008 | 210402s9999 xx 000 0 und d | ||
| 020 | |c 115.27 | ||
| 082 | |a 330 | ||
| 082 | |b K34 | ||
| 100 | |a Kennett, David | ||
| 245 | 2 | |a A new view of comparative economics | |
| 245 | 0 | |c David Kennett | |
| 260 | |a Australia | ||
| 260 | |b Thomson Learrning | ||
| 260 | |c 2004 | ||
| 520 | |a A comprehensive reevaluation of the nature of economic systems across the globe, A New View of Comparative Economic Systems is today's choice for today's world. This exciting text is not merely a re-treading of an obsolete Soviet-oriented text, but a fresh, new, and comprehensive reappraisal of the nature and study of economic systems. A New View of Comparative Economic Systems defines a new approach and will set the standard for years to come in Comparative Economic courses. | ||
| 650 | |a Comparative economics | ||
| 904 | |i Minh | ||
| 980 | |a Trung tâm Học liệu Trường Đại học Cần Thơ | ||